000 01320nam a2200337 a 4500
001 68025
003 BD-RjUL
005 20211209081725.0
008 790223s1978 fr abf b i001 0 eng
020 _a9231014978
035 _a(BD-RjUL)68234
035 _a(OCoLC)04701149
035 _aGLIS00069228
040 _aDLC
_cDLC
_dMYG
_beng
041 _aeng
082 _223
_a553.7
_bWOR 1978
099 _aGB665.M6513
245 0 0 _aWorld water balance and water resources of the earth /
_cedited by V. I. Korzun... [et al]
260 _aParis :
_bUnesco,
_cc1978.
300 _a663 p.:
_bill. ;
_c25 cm.
490 1 _aStudies and reports in hydrology ;
_v25
500 _aAt head of title: Chief administration of the hydrometeorological service under the Council of ministers of the USSR. USSR Committee for the International Hydrological Decade.
500 _aTranslation of Mirovoi vodnyi balans i vodnye resursy Zemli.
504 _aBibliography: p. 625-[657]
650 0 _aWater balance (Hydrology)
_9201634
700 1 _aKorzun, V. I.
_q(Valentin Ignat\02B9evich)
_9201635
710 2 _aMezhduvedomstvennyi komitet SSSR po mezhdunarodnomu gidrologicheskomu desi\0361atiletii\0361u.
_9201636
830 0 _aStudies and reports in hydrology ;
_v25.
_9201637
942 _2ddc
_cBK
999 _c68025
_d68025